| 000 | 01035nam a22002415a 4500 | ||
|---|---|---|---|
| 003 | OSt | ||
| 005 | 20170207112156.0 | ||
| 008 | 160922s2010 ua frb 000 0 ara d | ||
| 015 | _a2008 / 20945 | ||
| 040 |
_aEG-ScBUE _bara _cEG-ScBUE _dEG-ScBUE |
||
| 082 | 0 | 4 |
_222 _bع ل ي _a343.087 |
| 100 | 1 | _aعلي، وائل حمدي أحمد. | |
| 245 | 1 | 0 |
_aحسن النية في البيوع الدولية : _bدراسة تحليلية مقارنة في ضوء الاتفاقيات الدولية والتشريعات المقارنة / _cوائل حمدي أحمد علي. |
| 260 |
_aالقاهرة : _bدار النهضة العربية، _c2010. |
||
| 300 |
_a782 ص. ؛ _c24 سم. |
||
| 504 | _aيشتمل على إرجاعات ببليوجرافية. | ||
| 650 | 7 |
_aعقود البيع (قانون دولي) _2BUEsh _941049 |
|
| 650 | 7 |
_aالقانون الدولي التجاري. _2BUEsh _941050 |
|
| 650 | 7 |
_aالاتفاقيات الدولية. _2BUEsh _916817 |
|
| 651 | _2BUEsh | ||
| 653 |
_bLLAAWW _cJanuary2017 |
||
| 942 | _2ddc | ||
| 999 |
_c24053 _d24025 |
||